| 000 | 01384ngm a22003610a 4500 | ||
|---|---|---|---|
| 001 | PT14833 | ||
| 003 | AR-LpoUNG | ||
| 005 | 20210201235924.0 | ||
| 007 | vd cvaizq | ||
| 008 | 191001s1971||||ag |||||||||||||||||ita d | ||
| 037 | _c$6.6 | ||
| 040 |
_aAR-LpoUNG _bspa _cAR-LpoUNG _eaacr |
||
| 041 | _aita | ||
| 044 | _aag | ||
| 082 | 0 | _a303.6 762sac | |
| 100 | 1 |
_aMontaldo, Giuliano _edir. |
|
| 245 | 1 | 0 | _aSacco e Vanzetti |
| 260 |
_aBuenos Aires : _bVideo Editions Montparnasse, _c1971. |
||
| 300 | _aVHS (120 min.) : son., byn, col. | ||
| 505 | 0 | _aArgumento: Nino Rolli ; música: Ennio Morricone. | |
| 520 | _aUno de los mas famosos casos judiciales del siglo : dos militantes inmigrantes en USA acusados de un crimen sin pruebas suficientes en 1920, fueron ejecutados siete años después, aunque la justicia los declaró inocentes medio siglo mas tarde. El film reconstruye los hechos, mostrando como el incidente refleja una lucha que esta más allá de las intenciones humanitarias y la confianza en la justicia. | ||
| 650 | 4 | _aADMINISTRACION DE JUSTICIA | |
| 650 | 4 | _aASPECTOS POLITICOS | |
| 650 | 4 | _aCLASES SOCIALES | |
| 650 | 4 | _aCONFLICTOS SOCIALES | |
| 650 | 4 | _aESTADOS UNIDOS | |
| 650 | 4 | _aIDEOLOGIAS POLITICAS | |
| 650 | 4 | _aPROBLEMAS POLITICOS | |
| 651 | 4 | _aEstados Unidos de América | |
| 653 | _aVIDEOS | ||
| 905 | _a14833 | ||
| 942 | _cVIDEO | ||
| 999 |
_c53780 _d53780 |
||